000 01010cam9a220024100 4500
001 qce00914348
005 20190814120032.0
008 740923s1962 paua b 000 0 eng d
010 _a 62008091
035 _a(Sirsi) r98050
035 _a(QCAT)lss00653012
035 _a(UPRA)qce00914348
040 _dUPRA
100 1 _aCutler, Max, 1899-
_dCutler, Max, 1899-
_6A56622.1
245 1 0 _aTumors of the breast :
_btheir pathology, symptoms, diagnosis and treatment.
260 _aPhiladelphia :
_bLippincott,
_c[c1962]
500 _aAn addition to Tumours of the breast, by Sir Lenthal Cheatle, and the author, published in 1931.
504 _aIncludes bibliographies.
650 2 _aBreast Neoplasms
_6S7160.1
700 1 _aCheatle, Sir George Lenthal, 1965-1951. Tumours of the breast.
_dCheatle, Sir George Lenthal, 1965-1951. Tumours of the breast.
_tCheatle, Sir George Lenthal, 1965-1951. Tumours of the breast.
_6A56623.1
949 _aRC280
_wLC
_i-139373
_mMEDICAL
_tBOOK
_lON-SHELF
004 98050
999 _c51810
_d51810